000 00625nam a2200229Ia 4500
003 OSt
005 20221007074907.0
006 a|||||r|||| 00| 0
007 ta
008 221006b |||||||| |||| 00| 0 eng d
024 _a12,579
037 _cTextual
040 _aFLL
_cFLL
_beng
041 _2eng
_aeng
082 _aV25:191:M57, K8
100 _aPanikkar K.N. Au.
_9693295
245 0 _aBritish diplomacy in north India
260 _aNew Delhi
_bAssociated house India
_c1968
300 _a200p
_ccm.
942 _hV25:191:M57, K8
_cTEXL
_2CC
999 _c1154063
_d1154063